000 05732cam a22008654i 4500
003 PE-LiUPU
005 20250731173528.0
008 150616s1948 idu r 000 0 eng d
035 _a(Sirsi) a8649
040 _aPE-LiUPU
_bspa
_cPE-LiUPU
_erda
049 _aPRUA
050 _aBX6146
_b.T33
082 0 4 _a286.7325
_bTCi
_221
082 0 4 _a286.7325
_bTPIi
_221
082 0 4 _aW248.5
_bTCH V3
100 1 _aWhite, Ellen Gould Harmon,
_d1827-1915,
_eautor.
245 1 0 _aTestimonies for the Church.
_n3 /
_cEllen G. White.
264 1 _aNampa, Idaho :
_bPacific Press Publishing Association,
_c1948.
300 _a627 páginas :
_b21 centimetros.
336 _atext
_2rdacontent
337 _aunmediated
_2rdamedia
338 _avolume
_2rdacarrier
490 0 _aPacific press
500 _aOtras ed.: 1928.
505 0 _aAn appeal for burden bearers -- Unsanctified Ability -- Unbalanced minds -- Opposing Adventists -- Intimate friendship with worldlings -- The cause in New York.-Relatives in the church -- Laborers for god -- Experience not reliable -- Faithfulness in home duties -- Pride and vain thoughts -- The work ant battle creek -- Peculiar trials -- Parables ofn the lost -- The lost sheepáginas -The lost silver -- The prodigal son -- Labor among the churches -- The gospel sower -- The wheat and tares -- To wealthy parents -- Testimony 22 (1872) -- Poper education -- Close confinement at school.- The health reformm.- The health institute.The Laodiceam church -- The great rebellion -- Importance of the work.
526 _aSEG42
526 _aSEG41
526 _aSEG40
526 _aSEG39
526 _aP94
526 _aP87
526 _aP86
526 _aP85
526 _aP77
526 _aP76
526 _aP35
610 2 _aIASD
_xDoctrinas
610 2 _aIASD
_vPublicaciones.
910 _ajck
_bjvq
_cjck
910 _ajck
_bjvq
_cjck
_d20170525
910 _btqv
_cwelc
_d20171207
942 _2ddc
_cBOOK
949 _a286.7325 TCi 3
_wDEWEY
_c1
_i26208
_lCCODEBUL1
_mBUL
_p00.00
_r0
_sY
_tBOOK
_u19931013
_xBIBLIOTECA
_zUNKNOWN
_0COMPRA
_o.STAFF. Colección General
949 _a286.7325 TCi 3
_wDEWEY
_c2
_i33547
_lCCODEBUL1
_mBUL
_p00.00
_r0
_sY
_tBOOK
_u19931013
_xBIBLIOTECA
_zUNKNOWN
_0COMPRA
_o.STAFF. Colección General
949 _a286.7325 TCi 3
_wDEWEY
_c3
_i33548
_lCCODEBUL1
_mBUL
_p00.00
_r0
_sY
_tBOOK
_u19931013
_xBIBLIOTECA
_zUNKNOWN
_0COMPRA
_o.STAFF. Colección General
949 _a286.7325 TCi 3
_wDEWEY
_c4
_i35142
_lCCODEBUL1
_mBUL
_p00.00
_r0
_sY
_tBOOK
_u19931013
_xBIBLIOTECA
_zUNKNOWN
_0COMPRA
_o.STAFF. Colección General
949 _a286.7325 TCi 3
_wDEWEY
_c5
_i50677
_lCCODEBUL1
_mBUL
_p00.00
_r0
_sY
_tBOOK
_u19931013
_xBIBLIOTECA
_zUNKNOWN
_0COMPRA
_o.STAFF. Colección General
949 _aBX6146 .T31 V3
_wDEWEY
_c6
_i58461
_lCCODEBUL1
_mBUL
_pdollar15
_r0
_sY
_tBOOK
_u20080626
_xTEOLOGIA
_PP35
_0COMPRA
_o.STAFF. Colección General
949 _a286.7325 TCi 3
_wDEWEY
_c7
_i04930
_lCCODEBUL1
_mBUL
_p00.00
_r0
_sY
_tBOOK
_u19931013
_xBIBLIOTECA
_zUNKNOWN
_0COMPRA
_o.STAFF. Colección General
949 _a286.7325 TCi 3
_wDEWEY
_c8
_i10367
_lCCODEBUL1
_mBUL
_p00.00
_r0
_sY
_tBOOK
_u19931013
_xBIBLIOTECA
_zUNKNOWN
_0COMPRA
_o.STAFF. Colección General
949 _aW248.5 TCH V3 1948
_wDEWEY
_c1
_iFJ09427
_lCCODECWJ1
_mBUJ
_p15.00
_r0
_sY
_tBOOK
_u2017-12-07
_xBIBLIOTECA
_zUNKNOWN
_0DONACION
_o.STAFF. Colección General Juliaca
994 _aC0
_bPEPRU
596 _a1 3 4
999 _a286.7325 TCI 3
_wDEWEY
_c60016
_i33548
_lILL
_mBUL
_r0
_sY
_tBOOK
_u2015-6-16
_xBIBLIOTECA
_zUNKNOWN
_0COMPRA
_o.STAFF. Colección General
_d60016
999 _a286.7325 TCI 3
_wDEWEY
_c4
_i35142
_f2019-12-11
_g4
_lDISCARD
_mBUL
_r1
_sY
_tBOOK
_u2015-6-16
_xTEOLOGIA
_zUNKNOWN
_0COMPRA
_o.STAFF. Colección General
999 _a286.7325 TCI 3
_wDEWEY
_c5
_i50677
_f2021-11-12
_g5
_lCCODEBUL1
_mBUL
_r0
_sY
_tBOOK
_u2015-6-16
_xTEOLOGIA
_zUNKNOWN
_0COMPRA
_o.STAFF. Colección General
999 _a286.7325 TCI 3
_wDEWEY
_c7
_i04930
_f2019-12-11
_g4
_lDISCARD
_mBUL
_r1
_sY
_tBOOK
_u2015-6-16
_xTEOLOGIA
_zUNKNOWN
_0COMPRA
_o.STAFF. Colección General
999 _a286.7325 TCI 3
_wDEWEY
_c8
_i10367
_f2019-12-11
_g4
_lDISCARD
_mBUL
_r1
_sY
_tBOOK
_u2015-6-16
_xTEOLOGIA
_zUNKNOWN
_0COMPRA
_o.STAFF. Colección General
999 _a286.7325 TCI 3
_wDEWEY
_c9
_i08213
_f2019-12-11
_g4
_lDISCARD
_mBUL
_r1
_sY
_tBOOK
_u2016-8-23
_xTEOLOGIA
_PP35
_0COMPRA
_o.STAFF. Colección Teología
999 _a286.7325 TCI 3
_wDEWEY
_c10
_i75895
_f2019-12-11
_g3
_lDISCARD
_mBUL
_p15.00
_r1
_sY
_tBOOK
_u2017-5-25
_xTEOLOGIA
_PP85
_0DONACION
_o.STAFF. Colección Teología
999 _a286.7325 TPII V3 1948
_wDEWEY
_c1
_iCW26208
_f2021-12-21
_g2
_lCCODECWL1
_mBWL
_p30.00
_r1
_sY
_tBOOK
_u2015-6-16
_xWHITE
_zUNKNOWN
_0COMPRA
_o.STAFF. Centro White
999 _a286.7325 TPII V3 1948
_wDEWEY
_c2
_iCW33547
_f2021-12-21
_g2
_lCCODECWL1
_mBWL
_p30.00
_r1
_sY
_tBOOK
_u2015-6-16
_xWHITE
_zUNKNOWN
_0COMPRA
_o.STAFF. Centro White
999 _a286.7325 TPII V3 1948
_wDEWEY
_c3
_iCW58461
_f2021-12-21
_g2
_lCCODECWL1
_mBWL
_p20.00
_r1
_sY
_tBOOK
_u2015-6-16
_xWHITE
_zUNKNOWN
_0COMPRA
_o.STAFF. Centro White
999 _aW248.5 TCH V3 1948
_wDEWEY
_c1
_iFJ09427
_f2022-2-2
_g4
_lCCODECWJ1
_mBUJ
_p15.00
_r0
_sY
_tBOOK
_u2017-12-7
_xBIBLIOTECA
_zUNKNOWN
_0DONACION
_o.STAFF. Colección General Juliaca
980 _81
_gALBERTO SANCHEZ Responsable de Automatización